00329pab a2200133 454500008004000000100001600040245004300056260000900099300001300108362000800121650002800129650002000157773001800177180718b2014 xxu||||| |||| 00| 0 eng d aDivya, B.S. aInfant and maternal mortality in India c2014 ap.53-57. aSep aChild mortality - India aChild mortality aThird Concept